003790000a22001330004500020001500000060000800015082001700023100002300040100002400063245003300087260002800120260000900148650008800157 a8120002946 a100 a378.1554 WAG aWaghmare, Sevakram aWaghmare, Vanashree aTeaching extension education aNew Delhi, Metropolitan c1989 aIndian rural life/ Extension motivation/ Extension public speaking/ Extension staff